Novedades laboral

Detalles Bibliográficos
Formato: Desconocido
Lenguaje:español
Publicado: Barcelona : Vlex
Materias:
Acceso en línea:Acceso restringido

MARC

LEADER 00000ny a22000003n 4500
005 20110513132045.0
008 070808c219u9999sp zr p 0uuub0spa d
035 |a 507 
040 |a BUAL  |d vLex 
080 |a 342.9(05) 
090 |c 1883  |d 1883 
245 0 0 |a Novedades laboral  |h [Recurso electrn̤ico] 
256 |a Servicio en ln̕ea 
260 |a Barcelona :  |b Vlex 
310 |a Irregular 
506 1 |a Contenido solo disponible en los productos indicados  |d vLex Global  |d vLex Global (Academic Edition, excluding Law Schools)  |d vLex Global (U.S. Academic Edition, Law Schools)  |d vLex Global (U.S. Academic Edition, excluding Law Schools)  |d vLex Global (Academic Edition, Law Schools) 
650 0 7 |2 Tesauro vLex  |a Tributario 
740 0 |a vLex Revista (Servicios en ln̕ea) 
843 |a Electrn̤ica. Abierta 
853 |8 1  |i (year)  |j (month)  |k (day) 
856 4 0 |u http://vlex.com/account/login_ip?fuente_id=507  |z Acceso restringido 
942 |c REV